• 首页
  • 本馆介绍
  • 公告通知
  • 最新文献
  • 馆藏检索
  • 电子资源
  • 读者荐购
  • 参考咨询
  • CALIS
  • 我的图书馆
  • 登录
  • 详细信息显示
  • 放入我的书架
  • 预约/预借图书
  • 作者相关作品
  • 分类相关作品
  • 丛书相关作品
  • 出版社相关作品

书目信息

  • 表格格式
  • 工作单格式
  • 卡片格式
题名:
大学物理 下
    
 
作者: 廖耀发 编著
分册:  
出版信息: 武汉   武汉大学出版社  2001.04
页数: 283页
开本: 24cm
丛书名:
单 册:
中图分类: O4
科图分类:
主题词: 物理学
电子资源:
ISBN: 7-307-03194-9
 
 
 
 
 
000 00535nam0 2200193 45
001 0434083097
005 2004070809280309
010    @a7-307-03194-9@dCNY 22.50
100    @a20040708d2001 km y0chiy0120 ea
101 0  @achi
102    @aCN@b420000
200 1  @a大学物理 下@Ada xue wu li xia@f廖耀发等编著@Fliao yao fa deng bian zhu
210    @a武汉@c武汉大学出版社@d2001.04
215    @a283页@d24cm
606 0  @a物理学
690 1  @aO4@v4
701  0 @a廖耀发@Aliao yao fa@4编著
801  0 @aCN@bPFT@c20040708
905    @a10447@dO4@eL472:2
    
    大学物理 下/廖耀发等编著.-武汉:武汉大学出版社,2001.04
    283页;24cm
    
    
    ISBN 7-307-03194-9:CNY 22.50
    
●
相关链接 在E读中查询图书 在当当中查询图书 在豆瓣中查询图书


正题名:大学物理 下     索取号:O4/L472:2         预约/预借

序号 登录号 条形码 馆藏地/架位号 状态 备注
1 386505   203865059   自科库401/401自科库 54排2列1层/ [索取号:O4/L472:2] 在馆    
2 386506   203865068   自科库401/401自科库 54排2列1层/ [索取号:O4/L472:2] 在馆    
河南城建学院图书馆 欢迎您!
大连网信软件有限公司© 版权所有